| 000 | 00866nam a2200229Ia 4500 | ||
|---|---|---|---|
| 003 | Ost | ||
| 005 | 20260507074855.0 | ||
| 008 | 260507s9999||||xx |||||||||||||| ||und|| | ||
| 020 | _a9772101239 | ||
| 040 | _cfsecg | ||
| 041 | _aara | ||
| 082 | _a338.5 | ||
| 100 |
_aالصوص، نداء محمد _eمؤلف |
||
| 245 | 0 |
_aالإقتصاد الجزئي / _c نداء محمد الصوص |
|
| 260 |
_aعمان: _bدار اجنادين للنشر والتوزيع, _c2007 |
||
| 300 |
_a193 صفحة؛ _bإيضاحات ؛ _c24 سم |
||
| 504 | _aبيبليوغرافيا: ص.243 | ||
| 520 | _aيضم مجموعة البنك الدولي، صندوق النقد الدولي، منظمة التجارة العالمية، تقارير دولية | ||
| 653 | _aالاقتصاد الجزئي | ||
| 653 | _aصندوق النقد الدولي | ||
| 942 | _cكتاب | ||
| 999 |
_c41604 _d41604 |
||